000 00575nam a2200229Ia 4500
003 OSt
005 20220924135510.0
006 a|||||r|||| 00| 0
007 ta
008 220923b |||||||| |||| 00| 0 ben d
024 _a291396
037 _cTextual
040 _aARTS
_cARTS
_bben
041 _2ben
_aben
082 _aO1570Y115wN, J0
100 _aBandopadhyay
_9196155
245 0 _aBangla sahitye nari
260 _c1950
650 _aBENGALI LITERATURE
942 _hO1570Y115wN, J0
_cTEXL
_2CC
999 _c440878
_d440878